Statistics for African Geography By Letter G - Picture Quiz

Click here to take the quiz!

General Stats

  • This quiz has been taken 422 times
  • The average score is 10 of 18

Answer Stats

Answer% Correct
Gorilla
98%
Giraffe
96%
Gabon
94%
Ghana
92%
Giza
90%
Gulf of {Guinea}
90%
Gambia
88%
Strait of {Gibraltar}
77%
{Greenwich} Meridian
74%
Great Lakes
65%
Gaborone
54%
Gran Canaria
23%
Gauteng
18%
Genet
8%
Gelada
6%
Goma
5%
{Golis} Mountains
3%
{Guenete} {Leul} Palace
2%

Score Distribution

Percentile by Number Answered

Percent of People with Each Score

Your Score History

You have not taken this quiz